Buslinien Winterthur #1 - Statistiken

Allgemein
  • Dieses Quiz wurde 41 mal gespielt
  • Das Durchschnittsergebnis liegt bei 46 aus 97
Antwortstatistiken
Buslinie Haltestelle % Korrekt
Hauptbahnhof
92%
Hauptbahnhof
92%
Hauptbahnhof
92%
Hauptbahnhof
92%
1 Töss
92%
2 Bahnhof Seen
77%
Gewerbeschule
77%
Gewerbeschule
77%
Gewerbeschule
77%
3 Oberseen
73%
Oberwinterthur
73%
Technikum
73%
Technikum
73%
Technikum
73%
Technikum
73%
Wülflingen
73%
Schulhaus Seen
69%
Schmidgasse
65%
Schmidgasse
65%
Stadthaus
65%
Stadthaus
65%
Waldegg
65%
2E Waldegg
65%
Loki
62%
Museumstrasse/HB
62%
Museumstrasse/HB
62%
Post Seen
62%
Waser
62%
Endliker
58%
Fotozentrum
58%
Fotozentrum
58%
Zentrum Seen
58%
Deutweg
54%
Deutweg
54%
Rosenberg
54%
Schloss
54%
Schloss
54%
St. Urban
54%
Sulzer
54%
4 Archstrasse/HB
50%
Archstrasse/HB
50%
Depot
50%
Depot
50%
Eishalle
50%
Hinterdorf Seen
50%
Spital
50%
Bahnhof Oberwinterthur
46%
Breite
46%
Brücke
46%
Gaswerk
46%
Lindenplatz
46%
Obertor
46%
Zentrum Töss
46%
Römertor
42%
Storchenbrücke
42%
Strahlegg
42%
Bezirksgebäude
38%
Grüntal
38%
Gutschick
38%
Scheidegg
38%
Swica
38%
Zinzikon
38%
Blumenau
35%
Blumenau
35%
Etzberg
35%
Friedhof
35%
Jonas Furrer
31%
Oberfeld
31%
Oberfeld
31%
Palmstrasse
31%
Stocken
31%
Talacker
31%
Tellstrasse
31%
Tellstrasse
31%
Wylandbrücke
31%
Autobahn
27%
Brühleck
27%
Guggenbühl
27%
Pflanzenschulstrasse
27%
Zeughaus
27%
Feldtal
23%
Feldtal
23%
Hinterwiesli
23%
Hinterwiesli
23%
Hohlandweg
23%
Stadtrain
23%
Bachtelstrasse
19%
Langwiesen
19%
Nussbaumweg
19%
Turmstrasse
19%
Waldheim
19%
Brunngasse
15%
Grüzenstrasse
15%
Irchelstrasse
15%
Loorstrasse
12%
Obstgartenweg
12%
Schützenhaus
12%
Keine übereinstimmenden Quizze gefunden
Verteilung der Resultate
Anzahl Personen mit jedem Resultat
Perzentil nach korrekt beantworteten Fragen
Ihre Resultats-Entwicklung
Sie haben dieses Quiz noch nicht gespielt